Score 0/32 Timer 04:00
0 Plays Today
Name % Correct
Rick Grimes
95.8%
Carl Grimes
92.4%
Daryl Dixon
90.8%
Shane Walsh
90.6%
Lori Grimes
90.1%
Glenn Rhee
89.7%
Maggie Greene
89.1%
Theodore 'T-Dog' Douglas
87.3%
Carol Peletier
87%
Andrea
86.6%
Hershel Greene
85.2%
Merle Dixon
85.1%
Dale Horvath
82.5%
Philip 'The Governor' Blake
82%
Michonne
81.1%
Sophia Peletier
77.2%
Name % Correct
Beth Greene
76.5%
Judith 'Little Ass Kicker' Grimes
75.9%
Amy
72%
Morgan Jones
65.2%
Jim
63.4%
Otis
62.3%
Axel
60.8%
Ed Peletier
59.6%
Milton Marnet
56.5%
Jacqui
51.3%
Dr Edwin Jenner
48%
Duane Jones
46.5%
Patricia
43.8%
Jimmy
43.3%
Oscar
38.2%
Morales
33.5%
Remove Ads.
Support Sporcle.
Get the best of Sporcle when you Go Orange. This ad-free experience offers more features, more stats, and more fun while also helping to support Sporcle. Thank you for becoming a member.

You're not logged in!

Compare scores with friends on all Sporcle quizzes.
OR
Log In

Sporcle TV

Today on Sporcle TV


Watch our educational content, quiz creation guides, and fun videos on Sporcle TV.

Show Comments

Extras

Top Quizzes Today


Score Distribution

Paid Content

Your Account Isn't Verified!

In order to create a playlist on Sporcle, you need to verify the email address you used during registration. Go to your Sporcle Settings to finish the process.

Report this User

Report this user for behavior that violates our Community Guidelines.

Details: